| 000 | 00386nam a22001337a 4500 | ||
|---|---|---|---|
| 020 | _a9789699290152 | ||
| 082 |
_a297.4 _bAWA |
||
| 100 | _aAwan, Z. A. | ||
| 245 |
_aHeart Deeper than Ocean: _bTranslation of Sultan Bahoo's Punjabi Abyat / _cZ. A. Awan |
||
| 260 |
_aLahore : _bAl-Arifeen Publications, _c2017. |
||
| 300 |
_a204 p. ; _c24 cm. |
||
| 563 | _aPBK. | ||
| 942 |
_2ddc _cBK |
||
| 999 |
_c590296 _d590296 |
||